01225cam a22002651 4500001001300000003000400013005001700017008004100034010001700075035001900092040005000111042001200161050002100173051002800194110001000222245023900232260003700471300001900508500004300527500025400570650004300824700003000867710004500897999001700942e 39000186 DLC20260227111228.0770728s1935 iau s000 0 eng c ae 39000186  a(OCoLC)3146694 aU.S. Off. of educ. LibrarycViU-LdViU-LdDLC apremarc00aLB2529b.I9 1935 aLB2529b.I9 1935 Suppl.1 aIowa.10aSchool laws from the Code of 1935 :bwith notes, forms, annotations and decisions for use and government of directors and school officers /cAgnes Samuelson, superintendent of public instruction ; prepared by Fred L. Mahannah, deputy. aDes Moines :bThe State,c[1935] a560 p.c22 cm. aAt head of title: State of Iowa, 1935. aAccompanied by : Supplement to the 1935 edition of the school laws of Iowa / Jessie M. Parker, superintendent of public instruction ; prepared by Fred L. Mahannah (212 p. ; 23 cm.) Des Moines : The State, [1939] Call number: LB2529 .I9 1935 Suppl. 0aEducational law and legislationzIowa.1 aMahannah, Fred L.,ecomp.1 aIowa.bDepartment of Public Instruction. c21662d21662